000
00316nam a22001217a 4500
008
160504b xxu||||| |||| 00| 0 eng d
020
_a
9780495553052
020
_a
0495553050
041
_a
eng
080
_a
612.39
245
_a
Nutrition concepts and controversies:
_c
Frances Sizer ; Ellie Whitney;
942
_2
udc
_c
BK
999
_c
1773
_d
1773